Kemahiran hidup bersepadu : (Record no. 135149)

MARC details
000 -LEADER
fixed length control field 01021nam a2200289 i 4500
001 - CONTROL NUMBER
control field C2-0337495
003 - CONTROL NUMBER IDENTIFIER
control field PPAK
005 - DATE AND TIME OF LATEST TRANSACTION
control field 20180728140233.0
008 - FIXED-LENGTH DATA ELEMENTS--GENERAL INFORMATION
fixed length control field 160824s2016 my a|||| ||||| | may d
020 ## - INTERNATIONAL STANDARD BOOK NUMBER
International Standard Book Number 9789830075440
040 ## - CATALOGING SOURCE
Original cataloging agency PPAK
Language of cataloging eng
Transcribing agency PPAK
Description conventions rda
082 04 - DEWEY DECIMAL CLASSIFICATION NUMBER
Classification number 745.2076
Edition number 23
090 00 - LOCALLY ASSIGNED LC-TYPE CALL NUMBER (OCLC); LOCAL CALL NUMBER (RLIN)
Classification number (OCLC) (R) ; Classification number, CALL (RLIN) (NR) 745.2076
Feature heading KAM
Feature heading R
100 0# - MAIN ENTRY--PERSONAL NAME
Personal name Kamaros Zaman Mohd. Affendi,
Relator term author
245 10 - TITLE STATEMENT
Title Kemahiran hidup bersepadu :
Remainder of title (Perdagangan dan Keusahawanan). Tingkatan 1 . 2 . 3
264 #1 - PRODUCTION, PUBLICATION, DISTRIBUTION, MANUFACTURE, AND COPYRIGHT NOTICE
Place of production, publication, distribution, manufacture Johor Bahru, Johor :
Name of producer, publisher, distributor, manufacturer Penerbitan Pelangi Sdn. Bhd. ,
Date of production, publication, distribution, manufacture, or copyright notice 2016
300 ## - PHYSICAL DESCRIPTION
Extent vi, 490 pages :
Other physical details colour illustrations ;
Dimensions 26 cm
336 ## - CONTENT TYPE
Source rdacontent
Content type term text
337 ## - MEDIA TYPE
Source rdamedia
Media type term unmediated
338 ## - CARRIER TYPE
Source rdacarrier
Carrier type term volume
490 1# - SERIES STATEMENT
Series statement Focus PT3
500 ## - GENERAL NOTE
General note Tingkatan 1 . 2 . 3 ; Includes questions and answers.
650 10 - SUBJECT ADDED ENTRY--TOPICAL TERM
Topical term or geographic name entry element Commerce - Problems, exercises, etc. ; Entrepreneurship - Problems, exercises, etc. ; Industrial arts - Problems, exercises, etc.
700 ## - ADDED ENTRY--PERSONAL NAME
Relator term author
830 #0 - SERIES ADDED ENTRY--UNIFORM TITLE
Uniform title Focus PT3
942 ## - ADDED ENTRY ELEMENTS (KOHA)
-- dc
Koha item type Book
Holdings
Withdrawn Not for loan Current library Shelving location Date acquired Full call number Barcode Date last seen Koha item type
  Not For Loan Perpustakaan Alor Setar Rujukan Dewasa 28/08/2016 R 745.2076 KAM A00878838 09/05/2018 Book